000 00655nam a2200217 a 4500
001 26592
003 CO-ViMGA
008 141112s2004 ck r 000 u spa d
020 _a9789681654146
040 _aCO-ViMGA
_bspa
_cCO-ViMGA
090 _aA GOM2
100 1 _aGomi, Taro
_93443
245 1 0 _aíMira lo que tengo! /
_cTaro Gomi ; traducción Francisco Segovia
260 _aMéxico :
_bFondo de Cultura Económica
300 _a[16] p. : il. ; 13
490 _aLos especiales de A la orilla del viento
650 1 4 _aLIBRO DE IMAGENES
650 1 4 _aLIBROS ILUSTRADOS PARA NIÑOS
_92001
700 1 _aSegovia, Francisco, il.
942 _2ddc
_cBK
999 _c11087
_d11087